Revista de administración pública : órgano del Instituto de Administración Pública /
Publicación periódica dedicada al estudio de diversos aspectos de la administración pública. Contenido: México en el Seminario Internacional de Administración Pública de Montevideo; El presupuesto fiscal y la economía nacional (Rafael Mancera Ortiz); El Seminario Internacional de Administración Públ...
Spremljeno u:
| Daljnji autori: | |
|---|---|
| Format: | Knjiga |
| Jezik: | španjolski |
| Teme: | |
| Oznake: |
Bez oznaka, Budi prvi tko označuje ovaj zapis!
|
MARC
| LEADER | 00000nam^a2200000^a^4500 | ||
|---|---|---|---|
| 001 | 000189569 | ||
| 005 | 20250521000000.0 | ||
| 009 | 20260310102418.803 | ||
| 037 | |a Acervo ITESO - Biblioteca | ||
| 041 | |a ESP | ||
| 082 | |a 350. 5 |b PUB 1956 V. 2 | ||
| 240 | 1 | 1 | |a [Revista de administración pública] |
| 245 | 0 | 0 | |a Revista de administración pública : |b órgano del Instituto de Administración Pública / |c Dir. de A. Martínez Báez. |
| 264 | |a México : |b Instituto de Administración Pública, |c 1956 | ||
| 300 | |a 83 p. | ||
| 336 | |a texto |b txt |2 rdacontenido | ||
| 337 | |a sin mediación |b n |2 rdamedio | ||
| 338 | |a volumen |b nc |2 rdasoporte | ||
| 520 | |a Publicación periódica dedicada al estudio de diversos aspectos de la administración pública. Contenido: México en el Seminario Internacional de Administración Pública de Montevideo; El presupuesto fiscal y la economía nacional (Rafael Mancera Ortiz); El Seminario Internacional de Administración Pública (Daniel Escalante); El presupuesto en la administración pública (Alvaro Rodríguez); Comisión Nacional de Valores (Práxedes Reina Hermosillo); El Instituto Internacional de Ciencias Administrativas; ¿Son fuente de derecho las prácticas administrativas? (Ernesto Valderrama); Hacia la creación de un capítulo titulado “La legislación administrativa mexicana” (César Augusto Izaguirre Rojo). | ||
| 649 | |a XX | ||
| 650 | |a Mercado de Valores - |z México | ||
| 650 | |a Bancos y Operaciones Bancarias - |z México | ||
| 650 | |a Presupuesto Público | ||
| 650 | |a Sistema Fiscal | ||
| 650 | |a Política Fiscal | ||
| 650 | |a Política Económica | ||
| 650 | |a Finanzas Públicas | ||
| 650 | |a Administración Pública - |z México - |x Historia - |y 1952-1958 | ||
| 650 | |a Economía - |z México - |x Historia - |y 1952-1958 | ||
| 650 | |a Economía - |z México - |x Historia - |y Siglo XX | ||
| 650 | |a Política - |z México - |x Historia - |y 1952-1958 | ||
| 650 | |a Política - |z México - |x Historia - |y Siglo XX | ||
| 650 | |a Derecho Económico - |z México | ||
| 650 | |a Derecho Administrativo - |z México | ||
| 650 | |a Administración Pública - |x Tema Principal | ||
| 650 | |a Administración Pública - |x Publicaciones Periódicas Mexicanas | ||
| 650 | |a Publicaciones Periódicas Mexicanas | ||
| 700 | |a Martínez Báez, Antonio |e (dirección) | ||
| 910 | |a Fondo General | ||
| 920 | |a Impresos - Libros | ||
| 930 | |a Colección General | ||
| 905 | |a 101 | ||
| 901 | |a 0500132596 |b IT1 |c ACC |u 20250521 | ||
| 902 | |a https://opac.biblio.iteso.mx/vufind/Record/000189569 | ||